000 00410nam a2200157Ia 4500
008 210210b1995 xxu||||| |||| 00| 0 eng d
020 _a81 207 1756 2
082 _a425 VASS
100 _aVAS (Gratian).
245 _aSterling book of prepositions.
260 _aNew Delhi.
_bSterling Publishers Pvt Ltd.,
_c1995
300 _a148
650 _aPrepositions
690 _aEnglish Grammar
906 _a050931
999 _c99659
_d99659